00478nam a2200133Ia 4500082001200000100002400012245009800036260004600134300001000180650003700190650004000227650005900267710001800326 aTT.0111 aThakur, Vijai Singh 0aFinancial management in small industries with special reference to Sagar Division (in Hindi) c1990bDr. Hari Singh Gour Vishwavidyalaya a424p. aSMALL SCALE INDUSTRIES - FINANCE aSMALL SCALE INDUSTRIES - MANAGEMENT aFINANCIAL MANAGEMENT - MADHYA PRADESH - SAGAR DISTRICT aGoswami, M.D.